Distritos da Zona Oeste de São Paulo - Statistics

Estatísticas Gerais
  • Esse quiz foi jogado 28 vezes
  • A pontuação média é 12 de 15
Respostas no mapa
Respostas codificadas por cores de uma escala verde-vermelha no mapa do quiz de acordo com a % correta abaixo.
 
Estatísticas das Respostas
% Correto
Pinheiros
96%
Butantã
91%
Lapa
91%
Barra Funda
87%
Morumbi
87%
Perdizes
87%
Alto de Pinheiros
83%
Jaguaré
83%
Vila Leopoldina
83%
Rio Pequeno
78%
Vila Sônia
78%
Raposo Tavares
74%
Jaguara
70%
Itaim Bibi
65%
Jardim Paulista
52%
Nenhum quiz correspondente encontrado
Distribuição das Pontuações
Porcentagem de Pessoas com Cada Pontuação
Percentil de Números Respondidos
Sua Pontuação Histórica
Você não jogou esse quiz